V Davose zneli tabuizované témy

Svetové ekonomické fórum hľadalo životaschopné modely kapitalizmu.

Salvato in:
Dettagli Bibliografici
Autore principale: Pressburg, Adrian Peter
Natura: Capitolo di libro
Lingua:slovacco
Soggetti:
Tags: Aggiungi Tag
Nessun Tag, puoi essere il primo ad aggiungerne!!

MARC

LEADER 00000naa a2200000 4500
001 0147352
005 20231113075403.2
041 0 |a slo 
044 |a SK 
245 1 0 |a V Davose zneli tabuizované témy  |c Adrian Peter Pressburg 
520 |a Svetové ekonomické fórum hľadalo životaschopné modely kapitalizmu. 
610 2 0 |a hospodárstvo svetové 
610 2 0 |a situácia hospodárska 
610 2 0 |a kapitalizmus 
610 2 0 |a summity 
610 2 0 |a 2012 
100 1 |a Pressburg, Adrian Peter